Normal view
MARC view
- الاسلام والمسيحية- الديانات المقارنة
Entry Topical Term
001 - CONTROL NUMBER
- control field: 20284
003 - CONTROL NUMBER IDENTIFIER
- control field: JO-AjAnu
005 - DATE AND TIME OF LATEST TRANSACTION
- control field: 20230606073530.0
008 - FIXED-LENGTH DATA ELEMENTS
- fixed length control field: 230606|| aca||aabn | a|a d
040 ## - CATALOGING SOURCE
- Original cataloging agency: JO-AjAnu
- Transcribing agency: JO-AjAnu
150 ## - HEADING--TOPICAL TERM
- Topical term or geographic name entry element: الاسلام والمسيحية- الديانات المقارنة
670 ## - SOURCE DATA FOUND
- Source citation: Work cat.: (JO-AjAnu)10414: أبو زهرة، محمد, author 20283, محاضرات في النصرانية تبحث في الأدوار التي مرت عليها عقائد النصارى وفي كتبهم وفي مجامعهم المقدسة وفرقهم